| 000 | 00617nam a2200229Ia 4500 | ||
|---|---|---|---|
| 008 | 160303s9999 xx 000 0 und d | ||
| 020 | _a971-08-5969-2 | ||
| 050 | _aFIL BF 121 | ||
| 050 | _b.K34 2007 | ||
| 100 | _aKahayon, Alicia Hernandez - | ||
| 245 | _aGeneral psychology / | ||
| 245 | _cAlicia Hernandez- Kahayon, Gaudencio V. Aquino | ||
| 250 | _a4th Edition | ||
| 260 | _aMandaluyong: | ||
| 260 | _bNational Book Store, | ||
| 260 | _c2007 | ||
| 300 | _a438 pages : | ||
| 300 | _billustrations ; | ||
| 300 | _c22 cm. | ||
| 500 | _aIncludes bibliographical references. | ||
| 650 | _aPsychology. | ||
| 999 |
_c291128 _d291128 |
||